000 00846nam a2200253Ia 4500
003 OSt
005 20220923212937.0
006 a|||||r|||| 00| 0
007 ta
008 220922b |||||||| |||| 00| 0 hin d
024 _a157,176
037 _cTextual
040 _aARTS
_cARTS
_bhin
041 _2hin
_ahin
082 _aO152:g, L2
100 _aशुक्ल, भगवतीप्रसाद
245 0 _aऑचलिकता से आधुनिकता बोध
246 _aऑchalikatā se ādhunikatā bodha
260 _aकानपुर
_b प्रथम प्रकाशन
_c1972
300 _a133 पृ.
_ccm.
650 _aहिन्दी साहित्य
_9156264
942 _hO152:g, L2
_cTEXL
_2CC
999 _c312393
_d312393